000
00289nam a22001097a 4500
008
180806b xxu||||| |||| 00| 0 eng d
082
_a
813.52
245
_a
Radiological Terrorism: Just in Time Training for Hospital Clinicians
_c
CDC
260
_c
2005
300
_a
1
_f
CD
942
_2
ddc
_c
MX
999
_c
46798
_d
46798